• 首页
  • 本馆介绍
  • 公告通知
  • 最新文献
  • 馆藏检索
  • 电子资源
  • 读者导购
  • 参考咨询
  • 我的图书馆
  • 登录
  • 详细信息显示
  • 放入我的书架
  • 预约/预借图书
  • 作者相关作品
  • 分类相关作品
  • 丛书相关作品
  • 出版社相关作品

书目信息

  • 表格格式
  • 工作单格式
  • 卡片格式
题名:
低碳空间规划与可持续发展
    
 
作者: 韩笋生 , 秦波 著
分册:  
出版信息: 北京   中国人民大学出版社  2014
页数: 229页
开本: 24cm
丛书名: 首都可持续发展研究丛书
单 册:
中图分类: TU984.21 , X511
科图分类:
主题词: 空间规划--关系--二氧化碳--排气--研究--北京
电子资源:
ISBN: 978-7-300-20039-2
000 01027nam0 2200265 450
001 3636
005 20160927091329.48
010    @a978-7-300-20039-2@b平装@dCNY48.00
100    @a20141126d2014 em y0chiy50 ea
101 0  @achi
102    @aCN@b110000
105    @ay z 000yy
200 1  @a低碳空间规划与可持续发展@9di tan kong jian gui hua yu ke chi xu fa zhan@e基于北京居民碳排放调查的研究@f韩笋生,秦波等著
210    @a北京@c中国人民大学出版社@d2014
215    @a229页@d24cm
225 1  @a首都可持续发展研究丛书
300    @a“首都经济”学科群建设项目(2010-2012)成果 北京市社会科学理论著作出版基金重点资助项目
330    @a本书基于两千多户家庭的问卷调查和统计数据,对北京居民碳排放与空间形态之间的关系进行了深入分析,并由此提出相应的规划和政策建议。
606 0  @a空间规划@x关系@x二氧化碳@x排气@x研究@y北京
690    @aTU984.21@v5
690    @aX511@v5
701  0 @a韩笋生@9han sun sheng@4著
701  0 @a秦波@9qin bo@f(1979~)@4著
801  0 @aCN@b唐山师范学院图书馆@c20151001
905    @aZUCC@dTU984.21@e840
    
    低碳空间规划与可持续发展:基于北京居民碳排放调查的研究/韩笋生,秦波等著.-北京:中国人民大学出版社,2014
    229页;24cm.-(首都可持续发展研究丛书)
    “首都经济”学科群建设项目(2010-2012)成果 北京市社会科学理论著作出版基金重点资助项目
    
    ISBN 978-7-300-20039-2(平装):CNY48.00
    本书基于两千多户家庭的问卷调查和统计数据,对北京居民碳排放与空间形态之间的关系进行了深入分析,并由此提出相应的规划和政策建议。
●
相关链接 在E读中查询图书 在五车中查询图书 在当当中查询图书 在豆瓣中查询图书


正题名:低碳空间规划与可持续发展     索取号:TU984.21/840         预约/预借

序号 登录号 条形码 馆藏地/架位号 状态 备注
1 905960   209059604   第二样本阅览室/ [索取号:TU984.21/840] 在馆    
2 905961   209059613   第三借阅区/ [索取号:TU984.21/840] 在馆    
3 905962   209059622   第三借阅区/ [索取号:TU984.21/840] 在馆    
4 905963   209059631   第三借阅区/ [索取号:TU984.21/840] 在馆    
5 905964   209059640   第三借阅区/ [索取号:TU984.21/840] 在馆    
唐山师范学院图书馆 欢迎您!
大连网信软件有限公司© 版权所有